|
|
|
|
| LEADER |
00000cam a22000004a 4500 |
| 001 |
musev2_97484 |
| 003 |
MdBmJHUP |
| 005 |
20230905053238.0 |
| 006 |
m o d |
| 007 |
cr||||||||nn|n |
| 008 |
210510s2021 ilu o 00 0 eng d |
| 010 |
|
|
|z 2021021128
|
| 020 |
|
|
|a 9780252053108
|
| 020 |
|
|
|z 9780252086205
|
| 020 |
|
|
|z 9780252044168
|
| 035 |
|
|
|a (OCoLC)1252740801
|
| 040 |
|
|
|a MdBmJHUP
|c MdBmJHUP
|
| 100 |
1 |
|
|a Hahn, Tomie,
|e author.
|
| 245 |
1 |
0 |
|a Arousing Sense :
|b Recipes for Workshopping Sensory Experience /
|c Tomie Hahn.
|
| 264 |
|
1 |
|a Urbana :
|b University of Illinois Press,
|c 2021.
|
| 264 |
|
3 |
|a Baltimore, Md. :
|b Project MUSE,
|c 2021
|
| 264 |
|
4 |
|c ©2021.
|
| 300 |
|
|
|a 1 online resource (186 pages).
|
| 336 |
|
|
|a text
|b txt
|2 rdacontent
|
| 337 |
|
|
|a computer
|b c
|2 rdamedia
|
| 338 |
|
|
|a online resource
|b cr
|2 rdacarrier
|
| 520 |
|
|
|a "Engaging with sensory experience provides a gateway to the contemplation and cultivation of creativity and ideas. Tomie Hahn's workshopping recipes encourage us to incorporate sensory-rich experiences into our research, creative processes, and understanding of people. The exercises recognize that playfulness allows for a loosening of self while increasing empathy and vulnerability. Their ability to spark sensory endeavors that reach into our deepest core offers potentially profound impacts on art making, research, ethnographic fieldwork, contemplation, philosophical or personal introspections, and many other activities. Designed to be flexible, these living recipes provide an avenue for performative adventures that invite us to improvise in ways suited to our own purposes or settings. Leaders and practitioners enjoy limitless arenas for using the senses for explorations that range from personally transformative to professionally productive to profoundly moving. User-friendly and practical, Arousing Sense is a guide to how teaching through sensory experience can lead to positive, transformative impact in the classroom and everyday life"--
|c Provided by publisher.
|
| 588 |
|
|
|a Description based on print version record.
|
| 650 |
|
7 |
|a Senses and sensation.
|2 fast
|0 (OCoLC)fst01112562
|
| 650 |
|
7 |
|a Creative ability.
|2 fast
|0 (OCoLC)fst00882417
|
| 650 |
|
0 |
|a Creative ability.
|
| 650 |
|
0 |
|a Senses and sensation.
|
| 655 |
|
7 |
|a Electronic books.
|2 local
|
| 710 |
2 |
|
|a Project Muse.
|e distributor
|
| 830 |
|
0 |
|a Book collections on Project MUSE.
|
| 856 |
4 |
0 |
|z Texto completo
|u https://projectmuse.uam.elogim.com/book/97484/
|
| 945 |
|
|
|a Project MUSE - Custom Collection
|
| 945 |
|
|
|a Project MUSE - 2021 Complete
|
| 945 |
|
|
|a Project MUSE - 2021 Education and Rhetoric
|